000 01236nam a22003497a 4500
003 CHAP
005 20220329140932.0
008 971013s1992 r 00010 d
010 _a60038
011 _a61010
035 _a65174
040 _cCHAP
090 _aTesis
100 0 0 _aMartínez Cornejo, Marcela Lorena.
_971938
245 _aUso de la oxitocina para la inseminación artificial intrauterina a través del cervix en cabras
260 _aMonterrey, N.L. :
_bEl autor,
_c1992
300 _a74 p.
502 _aTesis (M.C. en Producción Animal) -- Universidad Autónoma de Nuevo León. Facultad de Agronomía
590 _aALEPH
_b10
_c20130110
_lUCH01
_h1339
590 _aBATCH-UPD
_b10
_c20130110
_lUCH01
_h0347
590 _aBATCH-UPD
_b10
_c20130110
_lUCH01
_h1750
590 _aBATCH-UPD
_b10
_c20130410
_lUCH01
_h0020
590 _aBATCH-UPD
_b10
_c20130914
_lUCH01
_h1507
590 _aCONVERSION
_b10
_c20130109
_lUCH01
_h1332
650 1 4 _aGanado cabrío
_xReproducción.
_945043
650 1 4 _aHormonas
_xEfecto en animales domésticos.
_956236
650 1 4 _aInseminación artificial.
_958964
650 1 4 _aOxitocinas.
_984466
901 _aBK
942 _cTESIS
949 _bBC
_cTES
_d-144412
_eTS1
_h28290
_i65174
_si
999 _c60038
_d60038